000 00531nam a2200193Ia 4500
001 1016
003 GE_BSU
008 181216s||||||||xx |||||||||||||| ||und||
040 _cGE_BSU
080 _a821.161.1:37
245 _aПроблемы просвещения в мировой литературе
260 _aМосква
260 _bНаука
260 _c1970
300 _a353стр.
541 _h10л.
653 _aПроблемы просвещения в мировой литературе
942 _cBK
999 _c35171
_d35171